000 00423nam a2200181Ia 4500
001 21241
005 20260306172905.0
008 260306t2007||||xx |||||||||||||| ||spa||
041 _aESP
082 _a345
_bD71
100 _aDíez Ripollés, José Luis
_eAUT
245 0 _aEstudios penales y de política criminal
260 _c2007
300 _a
_c
650 _aGEN
654 _aCDE
942 _cLIB
_dJUS
_fJUS
_2ddc
_n
999 _c21241
_d21241